Film formation of latex systems by scattering methods (Record no. 59407)

MARC details
000 -LEADER
fixed length control field 00460nam a2200169Ia 4500
100 ## - MAIN ENTRY--AUTHOR NAME
Personal name Dingenouts N
245 #0 - TITLE STATEMENT
Title Film formation of latex systems by scattering methods
260 ## - PUBLICATION, DISTRIBUTION, ETC. (IMPRINT)
Name of publisher Kautschuk Gummi Kunststoffe
Year of publication 1999
300 ## - PHYSICAL DESCRIPTION
Number of Pages 652-655
650 ## - SUBJECT ADDED ENTRY--TOPICAL TERM
Topical Term Film formation
650 ## - SUBJECT ADDED ENTRY--TOPICAL TERM
Topical Term Latex
650 ## - SUBJECT ADDED ENTRY--TOPICAL TERM
Topical Term Scattering methods
650 ## - SUBJECT ADDED ENTRY--TOPICAL TERM
Topical Term Small-angle X-ray scattering
700 ## - ADDED ENTRY--PERSONAL NAME
Personal name Ballauff M
942 ## - ADDED ENTRY ELEMENTS (KOHA)
Koha item type Journals
Holdings
Withdrawn status Lost status Damaged status Not for loan Home library Current library Shelving location Date acquired Serial Enumeration / chronology Koha item type
      Journals RRII Library RRII Library Rubber chemistry 17/12/2021 Volume 52, Issue 10 Journals